Fr. Conceicao Rodrigues College of Engineering

Beyond the Last Blue mountain: A life of J.R.D Tata (Record no. 25280)

MARC details
000 -LEADER
fixed length control field 00346nam a2200157Ia 4500
082 ## - DEWEY DECIMAL CLASSIFICATION NUMBER
Classification number 808.83
Item number LAL
100 ## - MAIN ENTRY--PERSONAL NAME
Personal name Lala/R.M
245 ## - TITLE STATEMENT
Title Beyond the Last Blue mountain: A life of J.R.D Tata
260 ## - PUBLICATION, DISTRIBUTION, ETC.
Name of publisher, distributor, etc. Penguin
Date of publication, distribution, etc. 1993
366 ## - TRADE AVAILABILITY INFORMATION
Publishers's discount category 20
300 ## - PHYSICAL DESCRIPTION
Extent 402
546 ## - LANGUAGE NOTE
Language note ENGLISH
650 ## - SUBJECT ADDED ENTRY--TOPICAL TERM
Topical term or geographic name entry element J.R.D Tata
654 ## - SUBJECT ADDED ENTRY--FACETED TOPICAL TERMS
Focus term blue mountain
942 ## - ADDED ENTRY ELEMENTS (KOHA)
Koha item type BOOK
Holdings
Withdrawn status Lost status Damaged status Not for loan Collection Home library Current library Date acquired Source of acquisition Cost, normal purchase price Inventory number Total Checkouts Full call number Barcode Date last seen Cost, replacement price Price effective from Koha item type
        CRC Fr. Agnel's C.Rodrigues College of Engineering Fr. Agnel's C.Rodrigues College of Engineering 17/03/2023 Allied Publishers 319.20 2419 dt 28/11/2011   808.83 LAL 21807 17/03/2023 399.00   BOOK